000 00708nam a22002417a 4500
999 _c13213
_d13213
003 AR-CdUCM
008 190411b ||||| |||| 00| 0 spa d
020 _a968-16-1867-X
040 _aMUNICIPALIDAD PROVINCIAL DEL CUSCO
_cBIBLIOTECA MUNICIPAL DEL CUSCO
082 _aES / 373.808 /
_bV19
100 _aValdes, Carlos
_94324
245 _aEl nombre es lo de menos /
260 _aMexico :
_bFondo de cultura economica,
_c1985.
300 _a115 paginas ;
_c21 cm.
440 _aLecturas Mexicanas
_n76
_931483
500 _aLiteratura
650 _aLiteratura
_983
650 _aMexico
_918
650 _aHistoria
_9136
650 _aSiglo XX
_98
942 _2ddc
_cLIBROS
945 _apjha
_d2019-04-11